[Event "Asian Open Men"]
[Site "Ho Chi Minh"]
[Date "2012.05.07"]
[Round "3.35"]
[White "Pitra, Andika"]
[Black "Tu, Hoang Thai"]
[Result "1/2-1/2"]
[WhiteElo "2327"]
[BlackElo "2295"]
[PlyCount "107"]
[EventDate "2012.05.05"]
[EventRounds "9"]
[EventCountry "VIE"]

1. e4 c5 2. Nf3 a6 3. c3 d5 4. exd5 Qxd5 5. d4 e6 6. Bd3 Nf6 7. O-O Be7 8. Re1
O-O 9. Bg5 Nc6 10. c4 Qd8 11. dxc5 Nb4 12. Ne5 Bxc5 13. Nc3 Nxd3 14. Nxd3 Be7
15. Qf3 Nd5 16. Bxe7 Nxe7 17. Rad1 Qc7 18. Qf4 Qxf4 19. Nxf4 b6 20. Rd6 Rb8 21.
Red1 Nf5 22. Rc6 Rb7 23. c5 bxc5 24. b3 Bd7 25. Rxc5 Ra8 26. Ne4 Kf8 27. Rxf5
exf5 28. Nc5 Bc6 29. Nxb7 Bxb7 30. Rd7 Re8 31. h4 Re1+ 32. Kh2 Re7 33. Rd8+ Re8
34. Rd7 Re7 35. Rd8+ Re8 36. Rxe8+ Kxe8 37. Kg3 Ke7 38. f3 h6 39. Nd3 g5 40.
hxg5 hxg5 41. Nc5 Bc8 42. f4 f6 43. b4 Kd6 44. Kf3 Kd5 45. Ke3 Kc4 46. a3 a5
47. g3 axb4 48. axb4 Kxb4 49. Kd4 gxf4 50. gxf4 Kb5 51. Kd5 Kb4 52. Kd4 Kb5 53.
Kd5 Kb4 54. Kd4 1/2-1/2

[Event "Asian Open Men"]
[Site "Ho Chi Minh"]
[Date "2012.05.07"]
[Round "3.36"]
[White "Sonjaya, Deni"]
[Black "Tan, Weiliang"]
[Result "0-1"]
[WhiteElo "2321"]
[BlackElo "2222"]
[PlyCount "96"]
[EventDate "2012.05.05"]
[EventRounds "9"]
[EventCountry "VIE"]

1. e4 c5 2. Nc3 a6 3. a4 Nc6 4. f4 e6 5. g3 d5 6. Bg2 d4 7. Nb1 d3 8. c3 c4 9.
b4 cxb3 10. Qxb3 Bc5 11. Ba3 Ba7 12. Nh3 Nge7 13. Nf2 Na5 14. Qb4 Nec6 15. Qd6
Bxf2+ 16. Kxf2 Qxd6 17. Bxd6 Nc4 18. Bc5 b6 19. Be3 Bb7 20. Na3 N6a5 21. Nxc4
Nxc4 22. Rhb1 a5 23. Ra2 Bc6 24. Bd4 O-O 25. e5 Rac8 26. Bxc6 Rxc6 27. Kf3 f5
28. exf6 gxf6 29. Ke4 e5 30. Bf2 Rd6 31. f5 h5 32. Kf3 Rc6 33. h3 Kf7 34. Rb5
Rd8 35. Rb1 Rb8 36. Ke4 Rd8 37. Re1 Rcd6 38. Kf3 Rc6 39. Rh1 Nd6 40. g4 Rh8 41.
Rb1 hxg4+ 42. hxg4 Rc4 43. Bg3 Ne4 44. Rg1 Ng5+ 45. Kg2 Rxg4 46. Rb2 Rh3 47.
Kf2 Ne4+ 48. Kf3 Rf4+ 0-1

[Event "Asian Open Men"]
[Site "Ho Chi Minh"]
[Date "2012.05.08"]
[Round "4"]
[Board "4"]
[White "Barbosa, Oliver"]
[Black "Novita, Anjas"]
[Result "1-0"]
[WhiteElo "2550"]
[BlackElo "2304"]
[PlyCount "69"]
[EventDate "2012.05.05"]
[EventRounds "9"]
[EventCountry "VIE"]

1. d4 d5 2. Nf3 Nf6 3. c4 c6 4. e3 e6 5. b3 Nbd7 6. Bd3 dxc4 7. bxc4 e5 8. Qc2
Bd6 9. O-O O-O 10. Nc3 h6 11. a4 Re8 12. h3 Qe7 13. Nh4 g6 14. Bxg6 fxg6 15.
Qxg6+ Kh8 16. Nf5 Qf8 17. e4 Re7 18. Nxd6 exd4 19. Ne2 Rh7 20. Nxc8 c5 21. Qf5
Rxc8 22. Nf4 Qe8 23. e5 Ng8 24. e6 Ndf6 25. Ng6+ Kg7 26. Ra3 Ne7 27. Nxe7 Qxe7
28. Rg3+ Kh8 29. Bf4 Rc6 30. Re1 Rg7 31. Rf3 Ne8 32. Bxh6 Rg8 33. Qe5+ Ng7 34.
Rf7 Qxe6 35. Bxg7+ 1-0

[Event "Asian Open Men"]
[Site "Ho Chi Minh"]
[Date "2012.05.08"]
[Round "4"]
[Board "7"]
[White "Zhou, Jianchao"]
[Black "Cao, Sang"]
[Result "1-0"]
[WhiteElo "2609"]
[BlackElo "2513"]
[PlyCount "105"]
[EventDate "2012.05.05"]
[EventRounds "9"]
[EventCountry "VIE"]

1. Nf3 Nf6 2. c4 b6 3. g3 Bb7 4. Bg2 e6 5. O-O Be7 6. d4 O-O 7. Nc3 Ne4 8. Bd2
d6 9. d5 Nxd2 10. Qxd2 e5 11. b4 Nd7 12. e4 g6 13. a3 Bf6 14. Qc2 Bg7 15. h4
Bc8 16. Na4 Qe7 17. Bh3 Bh6 18. Kg2 Nf6 19. Bxc8 Raxc8 20. Nc3 Nh5 21. Qe2 Qd7
22. Nh2 Bg7 23. a4 a5 24. bxa5 bxa5 25. Nb5 f5 26. exf5 Rxf5 27. Ra3 Rcf8 28.
Kg1 Qf7 29. Nc3 g5 30. hxg5 Rxg5 31. Ne4 Rf5 32. Kg2 Kh8 33. Rf3 Bh6 34. Rxf5
Qxf5 35. Ng4 Rg8 36. f3 Bf4 37. Rh1 Bxg3 38. Nxg3 Nxg3 39. Kxg3 Qf4+ 40. Kg2 e4
41. Rh4 Qf6 42. Kh3 Qa1 43. Kh2 Re8 44. fxe4 Rb8 45. Qf3 Qb2+ 46. Nf2 Rg8 47.
Qf5 Qg7 48. Rg4 Qh6+ 49. Kg2 Re8 50. Qf4 Qxf4 51. Rxf4 Kg7 52. Nd3 Rb8 53. e5
1-0

[Event "Asian Open Men"]
[Site "Ho Chi Minh"]
[Date "2012.05.08"]
[Round "4"]
[Board "8"]
[White "Ghaem, Maghami Ehsan"]
[Black "Gomez, John Paul"]
[Result "0-1"]
[WhiteElo "2579"]
[BlackElo "2507"]
[PlyCount "140"]
[EventDate "2012.05.05"]
[EventRounds "9"]
[EventCountry "VIE"]

1. d4 d5 2. c4 c6 3. e3 Bf5 4. Qb3 Qb6 5. Qxb6 axb6 6. cxd5 cxd5 7. Nc3 e6 8.
Bb5+ Nc6 9. Bd2 Bd6 10. Na4 Bc7 11. Ne2 Nge7 12. O-O Nc8 13. b3 Nd6 14. Nec3
Nxb5 15. Nxb5 Kd7 16. Nxc7 Kxc7 17. Rfc1 b5 18. Nc3 Kb6 19. f3 Bd3 20. e4 Rhd8
21. exd5 exd5 22. Be1 Ra3 23. Bg3 Ka6 24. Re1 b4 25. Na4 b6 26. Nb2 Bb5 27. Bf2
Kb7 28. Nd1 Rda8 29. Ne3 Rxa2 30. Rxa2 Rxa2 31. Nxd5 Rb2 32. Re3 Rb1+ 33. Be1
Nxd4 34. Nxb4 Kc7 35. h3 Kd7 36. Kh2 Rxb3 37. Rxb3 Nxb3 38. Bf2 Nc5 39. g4 Bc6
40. Kg3 Kd6 41. h4 b5 42. Be3 Bd5 43. h5 Bc4 44. Bd4 Ne6 45. Be3 Bd5 46. Nd3
Bb7 47. Nb4 Ke5 48. Ba7 f5 49. Nd3+ Kf6 50. gxf5 Kxf5 51. Nc5 Nxc5 52. Bxc5 Kg5
53. Bd4 Kxh5 54. Bxg7 b4 55. Be5 Kg5 56. f4+ Kf5 57. Kh4 Bf3 58. Kg3 Bd5 59.
Kh3 b3 60. Kg3 h5 61. Bb2 Bf7 62. Kf3 Be8 63. Be5 Bc6+ 64. Kg3 Ke4 65. Kh4 Be8
66. Kg5 Kd3 67. f5 Kc2 68. f6 b2 69. Bxb2 Kxb2 70. Kh4 Kc3 0-1

[Event "Asian Open Men"]
[Site "Ho Chi Minh"]
[Date "2012.05.08"]
[Round "4"]
[Board "9"]
[White "Gao, Rui"]
[Black "Wen, Yang"]
[Result "1-0"]
[WhiteElo "2427"]
[BlackElo "2550"]
[PlyCount "83"]
[EventDate "2012.05.05"]
[EventRounds "9"]
[EventCountry "VIE"]

1. e4 c5 2. Nf3 d6 3. d4 cxd4 4. Nxd4 Nf6 5. Nc3 a6 6. Bg5 e6 7. f4 Be7 8. Qf3
Qc7 9. O-O-O Nbd7 10. Bd3 h6 11. Bh4 g5 12. fxg5 Ne5 13. Qe2 Nfg4 14. Nf3 hxg5
15. Bg3 Nxf3 16. Qxf3 Ne5 17. Bxe5 dxe5 18. Rhf1 Rh7 19. h4 gxh4 20. Qg4 Kf8
21. Kb1 b5 22. g3 Rg7 23. Qh5 Kg8 24. gxh4 Rh7 25. Qg4+ Kh8 26. Rg1 Bd7 27. h5
Rd8 28. Rg3 Qc8 29. Rdg1 Re8 30. h6 Qd8 31. Qh5 Bf6 32. Nd1 Qe7 33. Ne3 Bh4 34.
Rg7 Bf6 35. R7g2 Bh4 36. Ng4 Qg5 37. Qxg5 Bxg5 38. Nxe5 f6 39. Ng6+ Kg8 40. e5
Bc6 41. Rg4 Be3 42. Ne7+ 1-0

[Event "Asian Open Men"]
[Site "Ho Chi Minh"]
[Date "2012.05.08"]
[Round "4"]
[Board "11"]
[White "Salem, A R  Saleh"]
[Black "Kuderinov, Kirill"]
[Result "1-0"]
[WhiteElo "2528"]
[BlackElo "2493"]
[PlyCount "93"]
[EventDate "2012.05.05"]
[EventRounds "9"]
[EventCountry "VIE"]

1. d4 d6 2. c4 e5 3. Nf3 Nd7 4. Nc3 Ngf6 5. g3 Be7 6. Bg2 O-O 7. O-O c6 8. Qc2
Qc7 9. b3 Re8 10. e4 Nf8 11. h3 Ne6 12. Be3 c5 13. dxe5 dxe5 14. Nd5 Qd6 15. b4
b6 16. bxc5 Nxc5 17. Rfd1 Bb7 18. Bxc5 Qxc5 19. Nxe5 Nxd5 20. exd5 Bd6 21. Nd3
Qd4 22. Nf4 Qf6 23. Re1 Bxf4 24. gxf4 Qxf4 25. Qa4 Qb8 26. c5 bxc5 27. Qb5 Re5
28. Rab1 Rxe1+ 29. Rxe1 Bxd5 30. Qxb8+ Rxb8 31. Bxd5 Kf8 32. Kg2 Rd8 33. Bb3
Rc8 34. Re4 g6 35. Kf3 f5 36. Re3 Rc7 37. Bc4 Kg7 38. Re6 Kh6 39. a4 Kg5 40.
Kg3 f4+ 41. Kf3 Kh4 42. Rf6 Kxh3 43. Rxf4 g5 44. Rg4 Rg7 45. Be6 Kh2 46. Rg2+
Kh1 47. Ke4 1-0

[Event "Asian Open Men"]
[Site "Ho Chi Minh"]
[Date "2012.05.08"]
[Round "4"]
[Board "14"]
[White "Nguyen, Ngoc Truong Son"]
[Black "Nguyen, Huynh Minh Huy"]
[Result "1/2-1/2"]
[WhiteElo "2656"]
[BlackElo "2442"]
[PlyCount "93"]
[EventDate "2012.05.05"]
[EventRounds "9"]
[EventCountry "VIE"]

1. d4 d5 2. c4 c6 3. Nf3 Nf6 4. e3 g6 5. Nc3 Bg7 6. Be2 O-O 7. O-O dxc4 8. Bxc4
Bg4 9. h3 Bxf3 10. Qxf3 Nbd7 11. Rd1 e5 12. d5 e4 13. Nxe4 Nxe4 14. Qxe4 Nb6
15. Bb3 cxd5 16. Qf3 Qf6 17. Rb1 Rfd8 18. e4 dxe4 19. Rxd8+ Rxd8 20. Qxe4 Qe5
21. Qxe5 Bxe5 22. Bg5 Re8 23. Kf1 Kg7 24. Re1 f6 25. f4 fxg5 26. Rxe5 Rxe5 27.
fxe5 Nd7 28. Bd5 b6 29. e6 Nf6 30. Bc6 Kf8 31. Ke2 Ke7 32. Kd3 Kxe6 33. Kc4 Kd6
34. Kb5 g4 35. hxg4 Nxg4 36. a4 Kc7 37. Ba8 a5 38. b4 axb4 39. Kxb4 h5 40. Be4
g5 41. g3 h4 42. gxh4 gxh4 43. Bg2 Nf2 44. Kb5 h3 45. Bxh3 Nxh3 46. a5 bxa5 47.
Kxa5 1/2-1/2

[Event "Asian Open Men"]
[Site "Ho Chi Minh"]
[Date "2012.05.08"]
[Round "4"]
[Board "17"]
[White "Jumabayev, Rinat"]
[Black "Wang, Chen"]
[Result "1/2-1/2"]
[WhiteElo "2556"]
[BlackElo "2482"]
[PlyCount "129"]
[EventDate "2012.05.05"]
[EventRounds "9"]
[EventCountry "VIE"]

1. c4 e6 2. g3 d5 3. Nf3 Nf6 4. Bg2 g6 5. O-O Bg7 6. d4 O-O 7. Qc2 Nc6 8. Rd1
Ne7 9. Nc3 b6 10. cxd5 Nexd5 11. Nxd5 Nxd5 12. e4 Nb4 13. Qc4 a5 14. a3 Na6 15.
Bg5 Qe8 16. Qc2 Bb7 17. Rac1 Rc8 18. d5 Nc5 19. b4 axb4 20. axb4 Na6 21. Rb1
exd5 22. exd5 c5 23. d6 Nxb4 24. Qc4 Qe4 25. Qb5 Bc6 26. Qxb6 Nd5 27. Ne1 Qf5
28. Qxc5 Qxg5 29. Bxd5 Qf5 30. Qxc6 Rxc6 31. Bxc6 Bd4 32. Nf3 Bxf2+ 33. Kg2 Be3
34. Rb2 Qc5 35. Be4 Rd8 36. Re2 Rd7 37. Rd3 Bc1 38. Rd5 Qc4 39. Nd4 Ba3 40. Rc2
Qb4 41. Bf3 Rxd6 42. Rxd6 Qxd6 43. Nb5 Qb4 44. Nxa3 Qxa3 45. h4 Qd3 46. Rc8+
Kg7 47. Re8 h6 48. Re7 Qd6 49. Rb7 Qd2+ 50. Kg1 Qd4+ 51. Kh2 Kf6 52. Bg2 Ke6
53. Rb1 f5 54. Rf1 Qe3 55. Bh3 Ke5 56. Rf4 Qe2+ 57. Kg1 Ke6 58. Rf2 Qd1+ 59.
Rf1 Qd3 60. Kg2 Ke5 61. Rf4 Qe3 62. Kh2 Ke6 63. Kg2 Qe2+ 64. Rf2 Qe4+ 65. Kh2
1/2-1/2

[Event "Asian Open Men"]
[Site "Ho Chi Minh"]
[Date "2012.05.08"]
[Round "4"]
[Board "20"]
[White "Wan, Yunguo"]
[Black "Venkatesh, M R"]
[Result "1-0"]
[WhiteElo "2456"]
[BlackElo "2517"]
[PlyCount "89"]
[EventDate "2012.05.05"]
[EventRounds "9"]
[EventCountry "VIE"]

1. e4 c5 2. Nf3 Nc6 3. d4 cxd4 4. Nxd4 Nf6 5. Nc3 e5 6. Ndb5 d6 7. Nd5 Nxd5 8.
exd5 Nb8 9. c4 Be7 10. Be2 a6 11. Nc3 O-O 12. O-O Bf5 13. Be3 Nd7 14. Qd2 Bg6
15. b4 f5 16. f3 f4 17. Bf2 Bh4 18. Qe1 Bxf2+ 19. Qxf2 Qe7 20. Rac1 a5 21. a3
b6 22. Rfe1 Bf5 23. Bd1 Rfc8 24. Qe2 Nf6 25. Bb3 g5 26. Na4 Rab8 27. Qf2 Qd8
28. bxa5 bxa5 29. Ba2 Bd7 30. Nb2 Qb6 31. Qxb6 Rxb6 32. Nd3 Bf5 33. c5 dxc5 34.
Rxc5 Rxc5 35. Nxc5 Rb2 36. Rxe5 Bg6 37. Bc4 g4 38. d6+ Bf7 39. d7 Rb8 40. Ba6
g3 41. hxg3 fxg3 42. Re1 Rd8 43. Bb5 Rb8 44. Rd1 Bd5 45. Bc4 1-0

[Event "Asian Open Men"]
[Site "Ho Chi Minh"]
[Date "2012.05.08"]
[Round "4"]
[Board "21"]
[White "Dao, Thien Hai"]
[Black "Pham, Chuong"]
[Result "1-0"]
[WhiteElo "2514"]
[BlackElo "2349"]
[PlyCount "113"]
[EventDate "2012.05.05"]
[EventRounds "9"]
[EventCountry "VIE"]

1. d4 d5 2. c4 e6 3. Nc3 Nf6 4. Nf3 Be7 5. Bg5 h6 6. Bf4 O-O 7. e3 c5 8. dxc5
Bxc5 9. cxd5 Nxd5 10. Nxd5 exd5 11. a3 Nc6 12. Be2 Bb6 13. O-O d4 14. e4 Re8
15. Qd3 Qe7 16. Nd2 f5 17. Qg3 fxe4 18. Bh5 Rd8 19. Rae1 Bf5 20. Nxe4 Bxe4 21.
Bf3 Qf6 22. Bxe4 Kh8 23. Bd3 Re8 24. h4 Rf8 25. Re4 Rae8 26. Rfe1 Qf7 27. Qg4
Rxe4 28. Rxe4 Bd8 29. Bg3 Qb3 30. Qe2 Qd5 31. Re6 Bf6 32. Qg4 Kg8 33. Rd6 Ne5
34. Rxd5 Nxg4 35. Bf5 h5 36. Be6+ Kh7 37. Rxh5+ Nh6 38. Bc4 Re8 39. Kf1 g6 40.
Bd3 Kg7 41. Rd5 Nf7 42. Rd7 Re7 43. Rxe7 Bxe7 44. f4 Bd6 45. Ke2 Nd8 46. Kf3
Kf6 47. Bf2 Ne6 48. Bc4 d3 49. Be3 Nc5 50. b4 Nd7 51. Bxd3 a5 52. Bd4+ Kf7 53.
Bb5 Nf6 54. Bc4+ Ke7 55. Bc3 Nd7 56. g4 Nb6 57. Bb3 1-0

[Event "Asian Open Men"]
[Site "Ho Chi Minh"]
[Date "2012.05.08"]
[Round "4"]
[Board "22"]
[White "Lou, Yiping"]
[Black "Yu, Ruiyuan"]
[Result "1/2-1/2"]
[WhiteElo "2428"]
[BlackElo "2511"]
[PlyCount "86"]
[EventDate "2012.05.05"]
[EventRounds "9"]
[EventCountry "VIE"]

1. d4 d5 2. c4 c6 3. e3 Nf6 4. Nf3 g6 5. Nc3 Bg7 6. Bd3 O-O 7. O-O dxc4 8. Bxc4
Bg4 9. Be2 Nbd7 10. e4 Ne8 11. Bg5 Nb6 12. Qd3 Nc7 13. Be3 Bxf3 14. Bxf3 e5 15.
d5 Qd6 16. Rfd1 Rfd8 17. Rac1 cxd5 18. Nxd5 Nbxd5 19. Qb3 Qa6 20. exd5 Ne8 21.
Rc4 Nd6 22. Ra4 Qb5 23. Rxa7 Rxa7 24. Bxa7 e4 25. Qxb5 Nxb5 26. Bb6 Rd6 27. Bc5
exf3 28. a4 fxg2 29. axb5 Rd7 30. b4 Be5 31. Kxg2 g5 32. h3 f5 33. Rd3 Kf7 34.
Kf3 h5 35. Kg2 Kf6 36. f3 Bd6 37. Bd4+ Be5 38. Bc5 f4 39. Rd2 Kf5 40. Kf2 Bd6
41. Re2 Be5 42. Rd2 Rh7 43. Re2 Rd7 1/2-1/2

[Event "Asian Open Men"]
[Site "Ho Chi Minh"]
[Date "2012.05.08"]
[Round "4"]
[Board "24"]
[White "Gopal, G N"]
[Black "Qu, Yanqiao"]
[Result "1-0"]
[WhiteElo "2562"]
[BlackElo "2159"]
[PlyCount "67"]
[EventDate "2012.05.05"]
[EventRounds "9"]
[EventCountry "VIE"]

1. e4 e5 2. Bc4 Nf6 3. d3 c6 4. Nf3 d5 5. Bb3 Bb4+ 6. c3 Bd6 7. Bg5 dxe4 8.
dxe4 O-O 9. O-O Qe7 10. Nh4 Be6 11. Qf3 Nbd7 12. Nf5 Bxf5 13. Qxf5 Nc5 14. Nd2
Nxb3 15. axb3 Rfe8 16. Rfd1 Bc7 17. Nc4 Rad8 18. h3 a6 19. Ne3 Qe6 20. Bxf6
Qxf6 21. Qxf6 gxf6 22. Nf5 Kf8 23. Kf1 Bb6 24. Ke2 Bc5 25. h4 Be7 26. Rh1 Rd7
27. Rad1 Red8 28. Rxd7 Rxd7 29. Rh3 a5 30. Rg3 b5 31. Rg7 a4 32. Rxh7 Kg8 33.
Rg7+ Kf8 34. h5 1-0

[Event "Asian Open Men"]
[Site "Ho Chi Minh"]
[Date "2012.05.08"]
[Round "4"]
[Board "26"]
[White "Nguyen, Van Hai"]
[Black "Torre, Eugenio"]
[Result "1/2-1/2"]
[WhiteElo "2341"]
[BlackElo "2496"]
[PlyCount "155"]
[EventDate "2012.05.05"]
[EventRounds "9"]
[EventCountry "VIE"]

1. d4 d5 2. Nf3 Nf6 3. c4 c6 4. e3 a6 5. Bd3 Bg4 6. h3 Bh5 7. Nbd2 e6 8. O-O
Nbd7 9. Qc2 Be7 10. b3 O-O 11. Bb2 Bg6 12. e4 dxe4 13. Nxe4 Nxe4 14. Bxe4 Bxe4
15. Qxe4 Qa5 16. a3 Bf6 17. Rad1 Rfd8 18. Rd3 Nf8 19. Rfd1 Rd7 20. Ne5 Bxe5 21.
dxe5 Rad8 22. Rd6 Rxd6 23. exd6 Qf5 24. Qd4 f6 25. b4 e5 26. Qc3 Ne6 27. c5 Nf4
28. Qc4+ Qe6 29. Qc2 Qf7 30. Bc1 Nd5 31. Re1 g5 32. Bd2 Qg6 33. Qc4 Kf7 34. a4
Ke6 35. Qb3 Ra8 36. Kh2 h5 37. b5 axb5 38. axb5 Qh7 39. f3 g4 40. f4 e4 41.
bxc6 bxc6 42. h4 g3+ 43. Kg1 f5 44. Rb1 Qh8 45. Kh1 Ra1 46. Be1 e3 47. Bxg3 Qc3
48. Qxc3 Rxb1+ 49. Qe1 Rxe1+ 50. Bxe1 Nxf4 51. Kg1 Nd3 52. Kf1 Nxc5 53. Ke2 f4
54. g3 fxg3 55. Bxg3 Ne4 56. Bf4 Nxd6 57. Bxe3 Kf5 58. Bc5 Nb7 59. Be7 Ke4 60.
Kd2 c5 61. Kc3 Kd5 62. Kd3 Nd6 63. Bf6 Nf5 64. Kc3 c4 65. Kb4 Nd6 66. Bg7 Ne4
67. Bh8 Nc5 68. Bg7 Nd3+ 69. Kb5 Ne1 70. Kb4 Ng2 71. Bf6 Ne3 72. Bg7 Ke4 73.
Kc3 Kf3 74. Bh6 Nf5 75. Bg5 Kg4 76. Kxc4 Nxh4 77. Bd8 Nf3 78. Kd3 1/2-1/2

[Event "Asian Open Men"]
[Site "Ho Chi Minh"]
[Date "2012.05.08"]
[Round "4"]
[Board "27"]
[White "Ma, Qun"]
[Black "Hamdani, Rudin"]
[Result "1-0"]
[WhiteElo "2481"]
[BlackElo "2322"]
[PlyCount "111"]
[EventDate "2012.05.05"]
[EventRounds "9"]
[EventCountry "VIE"]

1. e4 c5 2. Nf3 d6 3. d4 cxd4 4. Nxd4 Nf6 5. Nc3 a6 6. f4 e6 7. Qf3 Nc6 8. Be3
Bd7 9. O-O-O Qc7 10. g4 Nxd4 11. Rxd4 Bc6 12. g5 Nd7 13. Bg2 b5 14. Qh3 e5 15.
Rd2 exf4 16. Bxf4 Ne5 17. Bxe5 dxe5 18. g6 fxg6 19. Qe6+ Be7 20. Rhd1 Rf8 21.
Bh3 Rf6 22. Qg8+ Bf8 23. Nd5 Bxd5 24. Rxd5 Ra7 25. Qxh7 Qb6 26. Bd7+ Kf7 27.
Rxe5 Qb8 28. Be8+ Qxe8 29. Rxe8 Kxe8 30. e5 Re6 31. Qg8 Rf7 32. Rd8+ Ke7 33.
Rd7+ Kxd7 34. Qxf7+ Be7 35. Qxg7 g5 36. Kd2 Kc6 37. Qg8 Kd5 38. Qb8 Ke4 39. h3
Bc5 40. c3 Be3+ 41. Kc2 Bf4 42. Qh8 Bxe5 43. Qh7+ Kf4 44. Qf7+ Rf6 45. Qh5 Kf5
46. Qg4+ Kg6 47. Qe4+ Rf5 48. a4 Bf6 49. a5 Be5 50. Kd3 Bg7 51. b4 Be5 52. c4
bxc4+ 53. Qxc4 Rf6 54. Qe4+ Rf5 55. b5 axb5 56. a6 1-0

[Event "Asian Open Men"]
[Site "Ho Chi Minh"]
[Date "2012.05.08"]
[Round "4"]
[Board "28"]
[White "Nguyen, Anh Dung"]
[Black "Farid, Firman Syah"]
[Result "1/2-1/2"]
[WhiteElo "2440"]
[BlackElo "2285"]
[PlyCount "80"]
[EventDate "2012.05.05"]
[EventRounds "9"]
[EventCountry "VIE"]

1. d4 d6 2. e4 e5 3. Nf3 Nd7 4. Bc4 c6 5. c3 b5 6. Bb3 Be7 7. O-O Ngf6 8. Nbd2
O-O 9. a4 a6 10. Re1 Bb7 11. h3 c5 12. Bc2 Qc7 13. d5 c4 14. Nf1 Nc5 15. Ng3 g6
16. Nh2 Rfe8 17. Be3 Rab8 18. Qe2 Bf8 19. Ng4 Bg7 20. axb5 axb5 21. Nxf6+ Bxf6
22. Nf1 Ra8 23. Nd2 Reb8 24. Qf1 Qc8 25. Rxa8 Rxa8 26. Ra1 Bd8 27. b4 cxb3 28.
Rxa8 Qxa8 29. Nxb3 Nxb3 30. Bxb3 Qa5 31. Qc1 b4 32. cxb4 Qxb4 33. Qc4 Qxc4 34.
Bxc4 f5 35. f3 Kf7 36. Kf2 Bc8 37. g4 fxe4 38. fxe4 h5 39. Be2 hxg4 40. Bxg4
Ba6 1/2-1/2

[Event "Asian Open Men"]
[Site "Ho Chi Minh"]
[Date "2012.05.08"]
[Round "4"]
[Board "29"]
[White "Tan, Weiliang"]
[Black "Tu, Hoang Thong"]
[Result "0-1"]
[WhiteElo "2222"]
[BlackElo "2434"]
[PlyCount "120"]
[EventDate "2012.05.05"]
[EventRounds "9"]
[EventCountry "VIE"]

1. e4 e6 2. d4 d5 3. Nc3 Bb4 4. e5 c5 5. a3 Bxc3+ 6. bxc3 Qa5 7. Bd2 Qa4 8. Qg4
g6 9. Nf3 c4 10. Be2 Qxc2 11. a4 Nc6 12. O-O Na5 13. Qf4 h6 14. h4 Bd7 15. Rfb1
Qf5 16. Qe3 Rc8 17. Nh2 Qe4 18. Qxe4 dxe4 19. Ra2 Ne7 20. Nf1 Nf5 21. g3 Ne7
22. Bd1 Bc6 23. Bc2 Bd5 24. Be3 Nb3 25. Nd2 Nxd2 26. Bxd2 Kd7 27. Kf1 Kc7 28.
Bc1 Kd7 29. Ba3 Nf5 30. Ke2 g5 31. h5 g4 32. Bc1 Kc7 33. Be3 Rcf8 34. Bf4 Kc8
35. Kd2 Nxd4 36. cxd4 c3+ 37. Kxc3 Bxa2 38. Ra1 Bd5 39. Bd1 Rfg8 40. Be2 Kd7
41. Be3 Ke7 42. Kb2 f5 43. exf6+ Kxf6 44. Rc1 Rh7 45. Bf4 Rg5 46. Be5+ Rxe5 47.
dxe5+ Kg5 48. Rc8 Rf7 49. Kc3 Kf5 50. Kd4 Bc6 51. a5 a6 52. Rh8 Rd7+ 53. Ke3
Rd5 54. Rxh6 Rxa5 55. Rg6 Ra3+ 56. Kd4 Ra4+ 57. Kc5 Kxe5 58. h6 Ra1 59. Rg5+
Kf6 60. Rh5 Ra5+ 0-1

[Event "Asian Open Men"]
[Site "Ho Chi Minh"]
[Date "2012.05.08"]
[Round "4"]
[Board "30"]
[White "Ton, That Nhu Tung"]
[Black "Irwanto, Sadikin"]
[Result "1/2-1/2"]
[WhiteElo "2144"]
[BlackElo "2419"]
[PlyCount "97"]
[EventDate "2012.05.05"]
[EventRounds "9"]
[EventCountry "VIE"]

1. d4 Nf6 2. c4 e6 3. g3 d5 4. Bg2 dxc4 5. Nf3 Bb4+ 6. Bd2 Be7 7. Qc2 a6 8. a4
O-O 9. O-O a5 10. Qxc4 c6 11. Nc3 Na6 12. Rad1 Nb4 13. Ne5 Nfd5 14. Bc1 f6 15.
Nf3 b6 16. Qb3 Ba6 17. Rfe1 Kh8 18. e4 Nc7 19. Bf4 Bc8 20. h4 Re8 21. g4 Bd6
22. e5 Ncd5 23. Bc1 Bf8 24. Ne4 Ra7 25. h5 f5 26. gxf5 exf5 27. Bg5 Be7 28. Nd6
Rf8 29. Nxc8 Qxc8 30. Bxe7 Rxe7 31. Nh4 Qe6 32. Qg3 Qh6 33. Bf3 Re6 34. Kh2 g5
35. Ng2 g4 36. Bxd5 Qxh5+ 37. Qh4 Qxh4+ 38. Nxh4 Nxd5 39. Kg3 Kg7 40. Rh1 h5
41. f4 gxf3 42. Kxf3 Kh6 43. Rhg1 f4 44. Rd2 Ne3 45. Ke4 Ng4 46. Rf1 Kg5 47.
Nf3+ Kg6 48. Nh4+ Kg5 49. Nf3+ 1/2-1/2

[Event "Asian Open Men"]
[Site "Ho Chi Minh"]
[Date "2012.05.08"]
[Round "4"]
[Board "31"]
[White "Goh, Wei Ming Kevin"]
[Black "Tran, Tuan Minh"]
[Result "1-0"]
[WhiteElo "2426"]
[BlackElo "2266"]
[PlyCount "79"]
[EventDate "2012.05.05"]
[EventRounds "9"]
[EventCountry "VIE"]

1. e4 e6 2. d4 d5 3. Nd2 Nf6 4. e5 Nfd7 5. Bd3 b6 6. c4 Bb7 7. Ngf3 Nc6 8. a3
Ne7 9. O-O h6 10. b3 g6 11. Bb2 Bg7 12. h4 dxc4 13. bxc4 Nxe5 14. Nxe5 Bxe5 15.
Be4 Bxe4 16. Nxe4 Bg7 17. h5 g5 18. Ra2 f5 19. Nc3 Kf7 20. Qe2 Re8 21. Rd1 Ng8
22. a4 g4 23. a5 c6 24. d5 exd5 25. Qc2 d4 26. axb6 Ne7 27. b7 Rb8 28. Na4 Rxb7
29. Nc5 Rc7 30. Re1 d3 31. Nxd3 Bxb2 32. Rxb2 Qd4 33. Qd2 Rd8 34. Qxh6 Qxd3 35.
Rbe2 Qd4 36. Rxe7+ Rxe7 37. Qh7+ Kf8 38. Qxe7+ Kg8 39. Qg5+ Kh8 40. Re6 1-0

[Event "Asian Open Men"]
[Site "Ho Chi Minh"]
[Date "2012.05.08"]
[Round "4"]
[Board "33"]
[White "Tu, Hoang Thai"]
[Black "Sapar, Emelbek"]
[Result "1-0"]
[WhiteElo "2295"]
[BlackElo "2380"]
[PlyCount "47"]
[EventDate "2012.05.05"]
[EventRounds "9"]
[EventCountry "VIE"]

1. e4 g6 2. b3 Bg7 3. Nc3 d6 4. Bb2 e5 5. Nf3 Nc6 6. Bb5 Nge7 7. d4 a6 8. Bxc6+
Nxc6 9. dxe5 Nxe5 10. Nxe5 Bxe5 11. O-O O-O 12. f4 Bg7 13. f5 Qh4 14. g3 Qh3
15. Rf4 g5 16. Rf2 Be5 17. Qc1 f6 18. Nd5 Rf7 19. Bxe5 dxe5 20. Qe3 Kg7 21. Re1
b6 22. Qc3 Rb8 23. Rd2 h5 24. Nxf6 1-0

[Event "Asian Open Men"]
[Site "Ho Chi Minh"]
[Date "2012.05.08"]
[Round "4"]
[Board "34"]
[White "Bao, Khoa"]
[Black "Djuraev, Sokhib"]
[Result "0-1"]
[WhiteElo "2257"]
[BlackElo "2375"]
[PlyCount "120"]
[EventDate "2012.05.05"]
[EventRounds "9"]
[EventCountry "VIE"]

1. d4 d6 2. Nf3 g6 3. g3 Bg7 4. Bg2 Nd7 5. c4 e5 6. Nc3 Ne7 7. O-O O-O 8. e4
exd4 9. Nxd4 Nc6 10. Be3 Nde5 11. Nxc6 bxc6 12. Qa4 c5 13. Rad1 Bd7 14. Qa6 Qc8
15. Qxc8 Raxc8 16. Nd5 Nxc4 17. Ne7+ Kh8 18. Nxc8 Nxe3 19. fxe3 Bxc8 20. Rf2
Be6 21. Bf1 Be5 22. b3 f6 23. Rc1 Rb8 24. Bc4 Bd7 25. Rd2 Kg7 26. Kg2 a5 27.
Bd5 h5 28. h3 Kf8 29. Bc4 Ke7 30. Bd5 Rh8 31. Rf2 Rh7 32. Rb1 Rh8 33. Rc1 Rb8
34. Rd2 Rb4 35. Rc4 Rb6 36. Rc1 Ra6 37. Bc4 Ra7 38. Bd5 Bb5 39. Bc4 Be8 40. Bd5
Bd7 41. Bc4 g5 42. Bd5 g4 43. h4 a4 44. Rb1 c6 45. Bg8 Rb7 46. Rdd1 Rb4 47. Bh7
axb3 48. Rxb3 Be6 49. Rxb4 cxb4 50. Rd2 Bf7 51. Rc2 c5 52. Kf2 Kd7 53. Bf5+ Kd8
54. Kg2 c4 55. Kf2 c3 56. Bh7 Ke7 57. Bf5 Bc4 58. Ke1 Bxg3+ 59. Kd1 Bf7 60. Kc1
Be5 0-1

[Event "Asian Open Men"]
[Site "Ho Chi Minh"]
[Date "2012.05.08"]
[Round "4"]
[Board "35"]
[White "Ferdiman, Tersiman"]
[Black "Sonjaya, Deni"]
[Result "1/2-1/2"]
[WhiteElo "2009"]
[BlackElo "2321"]
[PlyCount "128"]
[EventDate "2012.05.05"]
[EventRounds "9"]
[EventCountry "VIE"]

1. e4 e5 2. Nf3 Nc6 3. Bc4 d6 4. Nc3 Bg4 5. h3 Bh5 6. Nxe5 dxe5 7. Qxh5 g6 8.
Qf3 Qd7 9. Nd5 Bg7 10. c3 O-O-O 11. Bb5 f5 12. d3 h6 13. Nb4 Nge7 14. Nxc6 Nxc6
15. exf5 gxf5 16. Be3 Kb8 17. O-O-O a6 18. Bxc6 bxc6 19. d4 e4 20. Qe2 Kb7 21.
Qc4 Qd5 22. Qb4+ Qb5 23. Qe7 Bf8 24. Qe6 Qd5 25. Qxd5 cxd5 26. g4 Rd7 27. gxf5
Rf7 28. Rdg1 Rxf5 29. Rg6 Rh7 30. Rhg1 Rhf7 31. Kd2 Rh5 32. Rh1 Be7 33. Ke2 Bh4
34. Rh2 Bg5 35. Bxg5 hxg5 36. Rg2 Rxh3 37. R6xg5 Rd7 38. Rg7 Rxg7 39. Rxg7 Rh1
40. Kd2 Rb1 41. Kc2 Rf1 42. Rg2 a5 43. a4 Kb6 44. Kb3 c6 45. Rh2 Kc7 46. c4 Rd1
47. Rh7+ Kb6 48. c5+ Ka6 49. Rc7 Rd3+ 50. Kc2 Rxd4 51. Rxc6+ Kb7 52. Rb6+ Kc7
53. b3 Rd3 54. Rd6 Kb7 55. f3 Rxf3 56. Rxd5 Kc6 57. Re5 Re3 58. Kb2 Re1 59. Kc3
e3 60. Kc4 Rc1+ 61. Kd4 Rd1+ 62. Kxe3 Re1+ 63. Kd4 Rxe5 64. Kxe5 Kxc5 1/2-1/2